Profitability and risk of financial portfolio

Poukázanie na možnosti výpočtu a vyhodnotenia investičných možností. Miera efektívnosti jednotlivých cenných papierov a ich zastúpenia v portfóliu. Rizikovosť investičnej akcie je viazaná na výsledky technickej analýzy jednotlivých cenných papierov a vzájomnú závislosť medzi nimi. Príspevok je sprac...

Descrizione completa

Salvato in:
Dettagli Bibliografici
Autore principale: Boháčková, Ivana
Altri autori: Svatošová, Libuše
Natura: Capitolo di libro
Lingua:inglese
Soggetti:
Tags: Aggiungi Tag
Nessun Tag, puoi essere il primo ad aggiungerne!!

MARC

LEADER 00000naa a2200000 4500
001 r045131
005 20231004091236.1
041 0 |a eng 
044 |a CZ 
245 1 0 |a Profitability and risk of financial portfolio  |c Ivana Boháčková, Libuše Svatošová 
520 |a Poukázanie na možnosti výpočtu a vyhodnotenia investičných možností. Miera efektívnosti jednotlivých cenných papierov a ich zastúpenia v portfóliu. Rizikovosť investičnej akcie je viazaná na výsledky technickej analýzy jednotlivých cenných papierov a vzájomnú závislosť medzi nimi. Príspevok je spracovaný na teoretickej báze, postup je aplikovateľný v dimenzii agrárno-potravinárskeho komplexu, resp. v dimenzii agrobiznisu. 
610 2 0 |a portfólio 
610 2 0 |a financie 
610 2 0 |a výnosnosť 
610 2 0 |a kalkulácia 
610 2 0 |a riziko 
610 2 0 |a papiere cenné 
610 2 0 |a investície finančné 
610 2 0 |a agrokomplex 
610 2 0 |a zisk 
100 1 |a Boháčková, Ivana 
700 1 |a Svatošová, Libuše